[Event "Milan Crespi op-C 33rd"]
[Site "Milan"]
[Date "2012.12.06"]
[Round "2"]
[White "Tannoia, Rocco"]
[Black "Torelli, Mauro"]
[Result "1/2-1/2"]
[WhiteElo "1665"]
[BlackElo "1728"]
[PlyCount "59"]
[EventDate "2012.12.05"]
[EventType "swiss"]
[EventRounds "7"]
[EventCountry "ITA"]
[SourceTitle "EXT 2024"]
[Source "ChessBase"]
[SourceDate "2023.10.10"]
[SourceVersion "1"]
[SourceVersionDate "2023.10.10"]
[SourceQuality "1"]

1. e4 g6 2. Bc4 Bg7 3. Nf3 e6 4. Nc3 a6 5. a3 b5 6. Ba2 Bb7 7. d3 d6 8. Bd2 Nd7 9. Rb1 Ne7 10. 0-0 0-0 11. Qe1 Re8 12. Ne2 d5 13. Ng3 c5 14. exd5 exd5 15. Qd1 c4 16. Re1 Qc7 17. d4 Nc6 18. c3 Nf6 19. Rxe8+ Rxe8 20. Qf1 Ne4 21. Re1 Ne7 22. Bb1 f5 23. Re2 Nxd2 24. Nxd2 f4 25. Nh1 Bc8 26. Qe1 Kf8 27. Nf3 Bg4 28. h3 Bxf3 29. gxf3 Qd7 30. Kh2 1/2-1/2